<?xml version="1.0" encoding="UTF-8"?>
<record
    xmlns:xsi="http://www.w3.org/2001/XMLSchema-instance"
    xsi:schemaLocation="http://www.loc.gov/MARC21/slim http://www.loc.gov/standards/marcxml/schema/MARC21slim.xsd"
    xmlns="http://www.loc.gov/MARC21/slim">

  <leader>01675nam a2200241   4500</leader>
  <controlfield tag="005">20251006152003.0</controlfield>
  <datafield tag="020" ind1=" " ind2=" ">
    <subfield code="a">9780273623823</subfield>
    <subfield code="c">TZS 26,550/=</subfield>
  </datafield>
  <datafield tag="040" ind1=" " ind2=" ">
    <subfield code="a">MCCL</subfield>
    <subfield code="b">eng.</subfield>
    <subfield code="e">AACR 2nd rev. ed.</subfield>
  </datafield>
  <datafield tag="082" ind1=" " ind2=" ">
    <subfield code="a">658.72 SAU</subfield>
  </datafield>
  <datafield tag="100" ind1=" " ind2=" ">
    <subfield code="a">Saunders, Malcolm.</subfield>
  </datafield>
  <datafield tag="245" ind1=" " ind2=" ">
    <subfield code="a">Strategic purchasing and supply chain management </subfield>
    <subfield code="c">/ Malcolm Saunders </subfield>
  </datafield>
  <datafield tag="250" ind1=" " ind2=" ">
    <subfield code="a">2nd ed.</subfield>
  </datafield>
  <datafield tag="260" ind1=" " ind2=" ">
    <subfield code="a">Harlow, England : </subfield>
    <subfield code="b">FT Prentice Hall/Financial times,</subfield>
    <subfield code="c">c1997.</subfield>
  </datafield>
  <datafield tag="300" ind1=" " ind2=" ">
    <subfield code="a"> xiii, 354 p.: </subfield>
    <subfield code="b">ill. ; </subfield>
    <subfield code="c">24cm</subfield>
  </datafield>
  <datafield tag="504" ind1=" " ind2=" ">
    <subfield code="a">Includes bibliographical references and index</subfield>
  </datafield>
  <datafield tag="505" ind1=" " ind2=" ">
    <subfield code="a">I INTRODUCTION. 1. Environmental change and strategic requirements changes in environmental conditions and their impact on business. 2. Approaches to Strategic Management. 3. From Corporate Strategy to Purchasing and Supply Chain Management Strategy. 4. The Content of Supply Chain Management Strategies. II: THE IMPLEMENTATION OF PURCHASING AND SUPPLY CHAIN MANAGEMENT STRATEGIES. 5. Strategic Management of Quality. 6. Strategic Management of Material Flow. 7. Strategic Management of Costs and Added Value. 8. Strategic Management of Supplier Relationships. 9. Strategic Management of Human Resources in the Supply Chain. Conclusions.</subfield>
  </datafield>
  <datafield tag="520" ind1=" " ind2=" ">
    <subfield code="a">This text enables readers to develop an understanding of the contribution of purchasing and supply chain management to different types of businesses and organizations, nationally and internationally. This edition examines the role of IT in purchasing and supply chain managment strategies.</subfield>
  </datafield>
  <datafield tag="650" ind1=" " ind2=" ">
    <subfield code="a">Industrial procurement--Management</subfield>
  </datafield>
  <datafield tag="650" ind1=" " ind2=" ">
    <subfield code="a">Materials management</subfield>
  </datafield>
  <datafield tag="650" ind1=" " ind2=" ">
    <subfield code="a">Purchasing--Management</subfield>
  </datafield>
  <datafield tag="650" ind1=" " ind2=" ">
    <subfield code="a">Business logistics</subfield>
  </datafield>
  <datafield tag="942" ind1=" " ind2=" ">
    <subfield code="c">BK</subfield>
  </datafield>
  <datafield tag="999" ind1=" " ind2=" ">
    <subfield code="c">12135</subfield>
    <subfield code="d">12135</subfield>
  </datafield>
  <datafield tag="952" ind1=" " ind2=" ">
    <subfield code="0">0</subfield>
    <subfield code="1">0</subfield>
    <subfield code="4">0</subfield>
    <subfield code="7">0</subfield>
    <subfield code="a">MU002</subfield>
    <subfield code="b">MU002</subfield>
    <subfield code="d">2010-01-01</subfield>
    <subfield code="e">Radar education</subfield>
    <subfield code="l">0</subfield>
    <subfield code="o">658.72 SAU</subfield>
    <subfield code="p">005230</subfield>
    <subfield code="r">2025-10-06 15:22:50</subfield>
    <subfield code="t">1</subfield>
    <subfield code="w">2025-10-06</subfield>
    <subfield code="y">BK</subfield>
  </datafield>
  <datafield tag="952" ind1=" " ind2=" ">
    <subfield code="0">0</subfield>
    <subfield code="1">0</subfield>
    <subfield code="4">0</subfield>
    <subfield code="7">0</subfield>
    <subfield code="a">MU002</subfield>
    <subfield code="b">MU002</subfield>
    <subfield code="d">2010-01-01</subfield>
    <subfield code="e">Radar education</subfield>
    <subfield code="l">0</subfield>
    <subfield code="o">658.72 SAU</subfield>
    <subfield code="p">005231</subfield>
    <subfield code="r">2025-10-06 15:22:50</subfield>
    <subfield code="t">2</subfield>
    <subfield code="w">2025-10-06</subfield>
    <subfield code="y">BK</subfield>
  </datafield>
  <datafield tag="952" ind1=" " ind2=" ">
    <subfield code="0">0</subfield>
    <subfield code="1">0</subfield>
    <subfield code="4">0</subfield>
    <subfield code="7">0</subfield>
    <subfield code="a">MU002</subfield>
    <subfield code="b">MU002</subfield>
    <subfield code="d">2010-01-01</subfield>
    <subfield code="e">Radar education</subfield>
    <subfield code="l">0</subfield>
    <subfield code="o">658.72 SAU</subfield>
    <subfield code="p">005232</subfield>
    <subfield code="r">2025-10-06 15:22:50</subfield>
    <subfield code="t">3</subfield>
    <subfield code="w">2025-10-06</subfield>
    <subfield code="y">BK</subfield>
  </datafield>
  <datafield tag="952" ind1=" " ind2=" ">
    <subfield code="0">0</subfield>
    <subfield code="1">0</subfield>
    <subfield code="4">0</subfield>
    <subfield code="7">0</subfield>
    <subfield code="a">MU002</subfield>
    <subfield code="b">MU002</subfield>
    <subfield code="d">2010-01-01</subfield>
    <subfield code="e">Radar education</subfield>
    <subfield code="l">0</subfield>
    <subfield code="o">658.72 SAU</subfield>
    <subfield code="p">005233</subfield>
    <subfield code="r">2025-10-06 15:22:50</subfield>
    <subfield code="t">4</subfield>
    <subfield code="w">2025-10-06</subfield>
    <subfield code="y">BK</subfield>
  </datafield>
</record>
